Builders miss out on recycling savings (Record no. 117470)

MARC details
000 -LEADER
fixed length control field 01003cam a2200229 4500
001 - CONTROL NUMBER
control field WB4021-03
008 - FIXED-LENGTH DATA ELEMENTS--GENERAL INFORMATION
fixed length control field 040603n2004 000 0 eng u
035 ## - SYSTEM CONTROL NUMBER
System control number (Sirsi) u126408
245 ## - TITLE STATEMENT
Title Builders miss out on recycling savings
260 ## - PUBLICATION, DISTRIBUTION, ETC.
Date of publication, distribution, etc. 2004
490 ## - SERIES STATEMENT
Series statement Environment Information Bulletin
Volume/sequential designation (139) June 2004, 5(1)
520 ## - SUMMARY, ETC.
Summary, etc. Four out of five construction companies have never looked at recycling site waste for cost-saving purposes, according to research by the Waste and Resources Action Programme (WRAP). WRAP found that 80% of builders have not considered the savings in landfill costs of a more thorough approach. One of the main problems with recyling is the cost, which put off 80% of builders. For more information about WRAP http://www.wrap.org.uk/
590 ## - LOCAL NOTE (RLIN)
Local note WB
590 ## - LOCAL NOTE (RLIN)
Local note WB
650 ## - SUBJECT ADDED ENTRY--TOPICAL TERM
Topical term or geographic name entry element RECYCLING
650 ## - SUBJECT ADDED ENTRY--TOPICAL TERM
Topical term or geographic name entry element CONSTRUCTION FIRMS
650 ## - SUBJECT ADDED ENTRY--TOPICAL TERM
Topical term or geographic name entry element CONSTRUCTION INDUSTRY
650 ## - SUBJECT ADDED ENTRY--TOPICAL TERM
Topical term or geographic name entry element SAVINGS
650 ## - SUBJECT ADDED ENTRY--TOPICAL TERM
Topical term or geographic name entry element COSTS
690 ## - LOCAL SUBJECT ADDED ENTRY--TOPICAL TERM (OCLC, RLIN)
Topical term or geographic name as entry element BUILDING AND CONSTRUCTION
942 ## - ADDED ENTRY ELEMENTS (KOHA)
Suppress in OPAC 0
Holdings
Withdrawn status Lost status Source of classification or shelving scheme Damaged status Not for loan Home library Current library Shelving location Date acquired Total Checkouts Full call number Barcode Date last seen Copy number Price effective from Koha item type
    Dewey Decimal Classification     London London News article 03/06/2004   WB4021-03 126408-1001 06/08/2019 1 06/08/2019 News article